[Event "Pavlodar op"]
[Site "Pavlodar"]
[Date "2016.11.24"]
[Round "5"]
[White "Kvan, Andrey"]
[Black "Klimenko, Igor"]
[Result "1-0"]
[WhiteElo "2180"]
[BlackElo "2337"]
[PlyCount "159"]
[EventDate "2016.11.21"]
[EventType "swiss"]
[EventRounds "10"]
[EventCountry "KAZ"]
[SourceTitle "EXT 2018"]
[Source "ChessBase"]
[SourceDate "2017.10.13"]
[SourceVersion "1"]
[SourceVersionDate "2017.10.13"]
[SourceQuality "1"]

1. d4 Nf6 2. Nc3 d5 3. Bg5 Bf5 4. Qd2 c6 5. f3 Nbd7 6. e4 dxe4 7. Qf4 Qa5 8. 0-0-0 e6 9. fxe4 Nxe4 10. Nxe4 Bxe4 11. Nh3 Bg6 12. Bc4 Qf5 13. Qd2 Bb4 14. Qe2 Nb6 15. d5 Qe4 16. d6 Bxd6 17. Qxe4 Bxe4 18. Bf1 Be7 19. Be3 Rd8 20. Re1 Bg6 21. Nf4 0-0 22. Nxg6 hxg6 23. c3 Rd5 24. h4 Rfd8 25. Kc2 Re5 26. Bd3 Bc5 27. Bg5 Rxe1 28. Rxe1 Rd7 29. Re4 Nd5 30. Bc4 Be7 31. Bc1 Nf6 32. Re2 Kf8 33. a4 Bd6 34. Be3 b6 35. Bf2 Ng4 36. Be1 e5 37. b4 Be7 38. Bg3 Bd6 39. Be1 Rd8 40. b5 cxb5 41. axb5 Bc5 42. Bb3 f5 43. Bd2 f4 44. Be6 Ne3+ 45. Bxe3 Bxe3 46. c4 Ke7 47. Bd5 Kf6 48. g3 g5 49. hxg5+ Kxg5 50. Kd3 Kf5 51. g4+ Kxg4 52. Rg2+ Kf5 53. Rxg7 e4+ 54. Ke2 Bc5 55. Rh7 f3+ 56. Kf1 Rxd5 57. cxd5 e3 58. Rh4 e2+ 59. Ke1 Ke5 60. Ra4 Kxd5 61. Rf4 f2+ 62. Kxe2 Ke5 63. Rf7 Kd5 64. Kd3 Ke6 65. Rf4 Kd6 66. Ke4 Ke6 67. Rf3 Kd6 68. Rf6+ Ke7 69. Rf3 Ke6 70. Rf5 a5 71. bxa6 b5 72. Rf3 Ba7 73. Kd3 Ke5 74. Ke2 Ke6 75. Rxf2 b4 76. Rh2 b3 77. Kd3 Kd5 78. Rh7 Bd4 79. a7 b2 80. a8Q+ 1-0

[Event "Karaganda Akim Cup 2nd"]
[Site "Karaganda"]
[Date "2016.11.09"]
[Round "9"]
[White "Klimenko, Igor"]
[Black "Mogila, Vladimir1111"]
[Result "1-0"]
[WhiteElo "2337"]
[BlackElo "2242"]
[PlyCount "88"]
[EventDate "2016.11.01"]
[EventType "tourn"]
[EventRounds "9"]
[EventCountry "KAZ"]
[EventCategory "3"]
[SourceTitle "CBM 175 Extra"]
[Source "ChessBase"]
[SourceDate "2016.12.12"]
[SourceVersion "1"]
[SourceVersionDate "2016.12.12"]
[SourceQuality "1"]

1. c4 c5 2. Nf3 Nf6 3. Nc3 d5 4. cxd5 Nxd5 5. g3 Nc6 6. Bg2 Nc7 7. 0-0 e5 8. d3 Be7 9. Bd2 0-0 10. Rc1 Rb8 11. Ne4 Ne6 12. Bc3 f6 13. h4 Bd7 14. e3 Be8 15. Bh3 Bf7 16. Qe2 Qd5 17. b3 Rbd8 18. Rfd1 Nc7 19. Ne1 Nb5 20. Ba1 Nb4 21. Bg2 Qd7 22. Nxc5 Bxc5 23. Rxc5 b6 24. Rcc1 Rfe8 25. Kh2 Bd5 26. Bf1 a6 27. d4 exd4 28. Bxd4 Qb7 29. Ba1 Kh8 30. Rd2 Be4 31. f3 Bg6 32. e4 f5 33. a4 Nd6 34. Rcd1 Nf7 35. Rxd8 Nxd8 36. Qd2 Ndc6 37. exf5 Bxf5 38. Qg5 Bc2 39. Rc1 Bxb3 40. h5 Qe7 41. Qxe7 Nxe7 42. h6 Nf5 43. Rb1 Kg8 44. Ng2 Bf7 1-0

[Event "Karaganda Akim Cup 2nd"]
[Site "Karaganda"]
[Date "2016.11.08"]
[Round "8"]
[White "Kassimov, Baurzhan"]
[Black "Klimenko, Igor"]
[Result "1/2-1/2"]
[WhiteElo "2401"]
[BlackElo "2337"]
[PlyCount "121"]
[EventDate "2016.11.01"]
[EventType "tourn"]
[EventRounds "9"]
[EventCountry "KAZ"]
[EventCategory "3"]
[SourceTitle "CBM 175 Extra"]
[Source "ChessBase"]
[SourceDate "2016.12.12"]
[SourceVersion "1"]
[SourceVersionDate "2016.12.12"]
[SourceQuality "1"]

1. e4 c5 2. Nf3 d6 3. Bb5+ Nc6 4. c3 Nf6 5. Qe2 Bd7 6. 0-0 e5 7. h3 Be7 8. Rd1 0-0 9. d3 a6 10. Ba4 Qc7 11. Bc2 Rfe8 12. Nbd2 d5 13. Nf1 d4 14. Ng3 b5 15. cxd4 Nxd4 16. Nxd4 cxd4 17. Bb3 Be6 18. Nf5 Bxf5 19. exf5 h6 20. Qf3 Rad8 21. Bd2 Qd7 22. a4 Bc5 23. Re1 Qd6 24. axb5 axb5 25. Qb7 Qd7 26. Qxd7 Rxd7 27. Ra5 Rb7 28. Rc1 Be7 29. f3 Kf8 30. Kf2 Rd8 31. Re1 Bd6 32. Rea1 Rdb8 33. Ra6 Ne8 34. g4 Ke7 35. h4 Rc7 36. Ra8 Rxa8 37. Rxa8 Bc5 38. Ba5 Ra7 39. Rxa7+ Bxa7 40. Bb4+ Kf6 41. Bd5 Bb8 42. Bc6 Bd6 43. Ba5 Bc7 44. b4 Bxa5 45. bxa5 Nc7 46. Bb7 b4 47. Ke1 Ke7 48. a6 Nb5 49. Bc6 Na7 50. Ba4 Kd6 51. Kd2 Kc5 52. Kc2 f6 53. Kb3 Nc8 54. Be8 Na7 55. Bd7 Kd6 56. Ba4 Kc5 57. Kc2 Kb6 58. Kb3 Kc5 59. Bd7 Kd6 60. Ba4 Kc5 61. Bd7 1/2-1/2

[Event "Karaganda Mayor's Cup"]
[Site "Karaganda"]
[Date "2015.12.08"]
[Round "9"]
[White "Klimenko, Igor"]
[Black "Sharafiev, Azat"]
[Result "1/2-1/2"]
[WhiteElo "2336"]
[BlackElo "2420"]
[PlyCount "22"]
[EventDate "2015.12.01"]
[EventType "tourn"]
[EventRounds "9"]
[EventCountry "KAZ"]
[SourceTitle "EXT 2018"]
[Source "ChessBase"]
[SourceDate "2017.10.13"]
[SourceVersion "1"]
[SourceVersionDate "2017.10.13"]
[SourceQuality "1"]

1. d4 d5 2. c4 c6 3. cxd5 cxd5 4. Nc3 Nc6 5. Nf3 Nf6 6. Bf4 Bf5 7. e3 e6 8. Bd3 Bxd3 9. Qxd3 Bd6 10. Bxd6 Qxd6 11. 0-0 0-0 1/2-1/2

[Event "Karaganda Mayor's Cup"]
[Site "Karaganda"]
[Date "2015.12.05"]
[Round "5"]
[White "Klimenko, Igor"]
[Black "Gubaydulin, Talgat"]
[Result "0-1"]
[WhiteElo "2336"]
[BlackElo "2409"]
[PlyCount "166"]
[EventDate "2015.12.01"]
[EventType "tourn"]
[EventRounds "9"]
[EventCountry "KAZ"]
[SourceTitle "EXT 2018"]
[Source "ChessBase"]
[SourceDate "2017.10.13"]
[SourceVersion "1"]
[SourceVersionDate "2017.10.13"]
[SourceQuality "1"]

1. c4 b6 2. b4 Bb7 3. Bb2 Nf6 4. Nf3 e6 5. a3 Be7 6. e3 0-0 7. Be2 d5 8. 0-0 Nbd7 9. d3 c5 10. Qb3 dxc4 11. dxc4 Ne4 12. Rd1 Bf6 13. Bxf6 Nexf6 14. Nc3 Qe7 15. Rd2 Rfd8 16. Rad1 h6 17. b5 e5 18. h3 e4 19. Nh2 Ne5 20. Nf1 Rxd2 21. Rxd2 Rd8 22. Qd1 Rxd2 23. Qxd2 a5 24. Na4 Nfd7 25. Ng3 g6 26. Nf1 Qe6 27. Qc2 Kf8 28. Nd2 f5 29. Qc3 Qd6 30. Nb3 Qc7 31. Kf1 Ke7 32. Nd2 Qd6 33. Ke1 Ke6 34. Kd1 g5 35. g4 fxg4 36. hxg4 Nf6 37. Kc1 Qc7 38. Qc2 Ned7 39. Nc3 Qe5 40. Nf1 Ne8 41. Ng3 Nd6 42. Kb1 Ke7 43. Ka2 Kd8 44. Kb3 Qe6 45. Qd1 Kc7 46. Qh1 Ne5 47. Qf1 Kd7 48. a4 Nxg4 49. Bxg4 Qxg4 50. Qh1 Qe6 51. Qf1 Qf7 52. Qe2 Kc7 53. Nh5 Qf3 54. Qxf3 exf3 55. Nf6 Nf5 56. e4 Nd4+ 57. Kb2 Bc8 58. e5 Be6 59. Ncd5+ Kb7 60. Kc3 Bf7 61. Ne4 Nf5 62. Kd3 Bg6 63. Kd2 Bf7 64. Kd3 Be6 65. Nef6 Ng7 66. Ke3 g4 67. Kf4 h5 68. Ne4 Nf5 69. Ng5 Nd4 70. Kg3 Bxd5 71. cxd5 c4 72. Ne4 c3 73. e6 Nf5+ 74. Kf4 c2 75. Kxf5 c1Q 76. e7 Qc8+ 77. Ke5 Qh8+ 78. Nf6 g3 79. d6 gxf2 80. d7 f1Q 81. e8Q Qa1+ 82. Kd5 Qaxf6 83. Qe4 Qg8+ 0-1

[Event "Karaganda Mayor's Cup"]
[Site "Karaganda"]
[Date "2015.12.04"]
[Round "4"]
[White "Arestanov, Timur"]
[Black "Klimenko, Igor"]
[Result "1-0"]
[WhiteElo "2245"]
[BlackElo "2336"]
[PlyCount "93"]
[EventDate "2015.12.01"]
[EventType "tourn"]
[EventRounds "9"]
[EventCountry "KAZ"]
[SourceTitle "EXT 2018"]
[Source "ChessBase"]
[SourceDate "2017.10.13"]
[SourceVersion "1"]
[SourceVersionDate "2017.10.13"]
[SourceQuality "1"]

1. d4 d5 2. c4 c6 3. Nf3 Bf5 4. Qb3 Qc8 5. cxd5 cxd5 6. Nc3 e6 7. Bf4 Nc6 8. a3 f6 9. h4 Qd7 10. e3 Nh6 11. Rd1 Rc8 12. e4 dxe4 13. d5 exd5 14. Rxd5 Qf7 15. Nd2 Be6 16. Bc4 f5 17. Re5 Nxe5 18. Bxe6 Nd3+ 19. Kf1 Nxf4 20. Bxf7+ Nxf7 21. Qb5+ Rc6 22. Qxf5 Ne6 23. Ndxe4 Be7 24. g3 0-0 25. Kg2 Nh6 26. Qd5 Ng4 27. Qd7 Bd8 28. Qxb7 Rb6 29. Qd7 Rf7 30. Qd2 Rc6 31. Qd5 Rb6 32. Re1 Be7 33. b4 g6 34. f3 Nh6 35. Qc4 Nf8 36. Nd5 Re6 37. Nxe7+ Rexe7 38. g4 Ne6 39. Kg3 Nc7 40. Qc1 Kg7 41. Qc3+ Kf8 42. Rd1 Ne6 43. Rd6 Ng8 44. Qc4 Nc7 45. Ng5 Rg7 46. Rd8+ Re8 47. Qf4+ 1-0

[Event "Karaganda"]
[Site "Karaganda"]
[Date "2009.12.01"]
[Round "9"]
[White "Klimenko, Igor"]
[Black "Kassimov, Baurzhan"]
[Result "1-0"]
[WhiteElo "2300"]
[BlackElo "2248"]
[PlyCount "97"]
[EventDate "2009.11.24"]
[EventType "tourn"]
[EventRounds "14"]
[EventCountry "KAZ"]
[SourceTitle "CBM 133 Extra"]
[Source "ChessBase"]
[SourceDate "2010.01.05"]
[SourceVersion "1"]
[SourceVersionDate "2010.01.05"]
[SourceQuality "1"]

1. d4 Nf6 2. Nf3 e6 3. Bg5 Be7 4. Nc3 d5 5. e3 0-0 6. Bd3 c5 7. dxc5 Bxc5 8. Qe2 Nbd7 9. 0-0 Be7 10. e4 dxe4 11. Nxe4 h6 12. Bh4 Nd5 13. Bg3 Qb6 14. c3 f5 15. Ned2 Nc5 16. Nc4 Qd8 17. Be5 Nxc3 18. Bxc3 Qxd3 19. Qe5 Rf7 20. Bd4 Qxc4 21. Rac1 Qxc1 22. Rxc1 Nd3 23. Qc7 Bf6 24. Qc4 Nxc1 25. Bxf6 gxf6 26. Qxc1 Kg7 27. Nh4 Bd7 28. Qe3 Kh7 29. h3 a6 30. Kh2 Rc8 31. a4 Rc4 32. g4 Rxa4 33. gxf5 exf5 34. Nxf5 Kg6 35. Nd6 Rg7 36. Ne8 Rf7 37. Qd3+ f5 38. Qd6+ Kg5 39. Qg3+ Kh5 40. Qg8 Be6 41. Nd6 Rf6 42. Qe8+ Rg6 43. Qxa4 Bd5 44. f3 Rxd6 45. Qf4 Rg6 46. Qxf5+ Rg5 47. Qf6 Rg6 48. Qf4 Bc6 49. Qf7 1-0

[Event "Karaganda"]
[Site "Karaganda"]
[Date "2009.11.28"]
[Round "5"]
[White "Zapolsky, Sergey"]
[Black "Klimenko, Igor"]
[Result "0-1"]
[WhiteElo "2081"]
[BlackElo "2300"]
[PlyCount "102"]
[EventDate "2009.11.24"]
[EventType "tourn"]
[EventRounds "14"]
[EventCountry "KAZ"]
[SourceTitle "CBM 133 Extra"]
[Source "ChessBase"]
[SourceDate "2010.01.05"]
[SourceVersion "1"]
[SourceVersionDate "2010.01.05"]
[SourceQuality "1"]

1. d4 Nf6 2. c4 c5 3. d5 b5 4. cxb5 e6 5. Nc3 exd5 6. Nxd5 Bb7 7. Nxf6+ Qxf6 8. Nf3 d5 9. g3 Bd6 10. Bg2 Nd7 11. Qc2 0-0 12. 0-0 Rfe8 13. Re1 Rac8 14. Bh3 Rc7 15. Bg5 Qg6 16. Qxg6 hxg6 17. Bd2 Nf6 18. Bf4 Bxf4 19. gxf4 d4 20. Ne5 Nd5 21. e3 g5 22. Nc4 gxf4 23. Nd6 Rd8 24. Nxb7 Rxb7 25. exd4 cxd4 26. Rad1 Nf6 27. a4 Rc7 28. Rd3 Kf8 29. Red1 Rc4 30. b3 Rb4 31. Bg2 Ng4 32. Rh3 Ne5 33. Rh5 f6 34. Rh8+ Ke7 35. Rxd8 Kxd8 36. Bd5 Kc7 37. Bc4 Kb6 38. Rc1 Nxc4 39. Rxc4 Rxc4 40. bxc4 Kc5 41. a5 d3 42. Kf1 Kxc4 43. b6 axb6 44. axb6 Kc3 45. b7 d2 46. b8Q d1Q+ 47. Kg2 Qg4+ 48. Kf1 f3 49. Qc7+ Qc4+ 50. Qxc4+ Kxc4 51. Ke1 Kc3 0-1

[Event "Karaganda"]
[Site "Karaganda"]
[Date "2009.11.26"]
[Round "3"]
[White "Klimenko, Igor"]
[Black "Torgovitsky, Vadim"]
[Result "1-0"]
[WhiteElo "2300"]
[BlackElo "2177"]
[PlyCount "41"]
[EventDate "2009.11.24"]
[EventType "tourn"]
[EventRounds "14"]
[EventCountry "KAZ"]
[SourceTitle "CBM 133 Extra"]
[Source "ChessBase"]
[SourceDate "2010.01.05"]
[SourceVersion "1"]
[SourceVersionDate "2010.01.05"]
[SourceQuality "1"]

1. d4 e6 2. c4 b6 3. e4 Bb7 4. Qc2 Bb4+ 5. Bd2 Bxd2+ 6. Nxd2 Nh6 7. Ngf3 0-0 8. Bd3 f5 9. 0-0-0 Nc6 10. Qc3 a5 11. d5 Nb4 12. Bb1 Qf6 13. Nd4 g6 14. f3 Na6 15. exf5 Nxf5 16. Bxf5 gxf5 17. g4 f4 18. Ne4 Qg6 19. h4 exd5 20. Nf5 Rae8 21. h5 1-0